Různorodá pojetí komunitních center v současném diskurzu komunitní práce

Aktivity a podpora komunitných centier ako ich uvádzajú súčasní realizátori komunitnej práce. Perspektivy, realizácia a metódy komunitnej práce. Previazanosť so sociálnymi službami. Výsledky výskumu.

Salvato in:
Dettagli Bibliografici
Autore principale: Stanková, Zuzana
Natura: Capitolo di libro
Lingua:ceco
Soggetti:
Tags: Aggiungi Tag
Nessun Tag, puoi essere il primo ad aggiungerne!!

MARC

LEADER 00000naa a2200000 4500
001 0283340
005 20240417075202.8
041 0 |a cze 
044 |a CZ 
245 1 0 |a Různorodá pojetí komunitních center v současném diskurzu komunitní práce  |c Zuzana Stanková ...[et al.] 
520 |a Aktivity a podpora komunitných centier ako ich uvádzajú súčasní realizátori komunitnej práce. Perspektivy, realizácia a metódy komunitnej práce. Previazanosť so sociálnymi službami. Výsledky výskumu. 
610 2 0 |a práca sociálna 
610 2 0 |a práca komunitná 
610 2 0 |a služby sociálne 
610 2 0 |a centrá komunitné 
610 2 0 |a komunity 
610 2 0 |a pracovníci sociálni 
610 2 0 |a výskum aplikovaný 
100 1 |a Stanková, Zuzana